000 00550nam a22002057a 4500
003 OSt
005 20210414105734.0
008 210309s1968 ||||| |||| 00| 0 eng d
040 _aeng
_beng
_cDLC
041 _aeng
080 _a821.111
_bS-56
100 _9915
_aShute, Nevil
245 _aAn Old Captivity
_c/ by: Lancer Books
260 _aNew York
_bLancer Books
_c1968
300 _a414 p.
365 _b0.75 usd
650 0 _9247
_aEnglish literature
653 _aინგლისური ლიტერატურა
942 _2udc
_cBK
999 _c2048
_d2048